| 000 | 01214namaa2200289 i 4500 | ||
|---|---|---|---|
| 003 | EG-GICUC | ||
| 005 | 20251228140551.0 | ||
| 008 | 251223s2000 ts |||jr|||| 001 0 ara d | ||
| 040 |
_aEG-GiCUC _bara _cEG-GiCUC _dEG-GiCUC _erda |
||
| 043 | _aa-ii--- | ||
| 082 | 0 | 4 |
_221 _a954.01 _bB9927 |
| 092 | 0 | 4 |
_221 _a954.01 _bB9927 |
| 099 | _a954.01 B9927 | ||
| 100 | 0 |
_aبزرك بن شهريار _dactive 10th century. _eمؤلف. |
|
| 245 | 1 |
_aعجائب الهند : _bبرها وبحرها وجزائرها / _cلبزرك بن شهريار الناخذاه الرامهرزي ؛ تحقيق عبد الله محمد الحبشي. |
|
| 264 |
_aابو ظبى (الامارات العربية المتحدة) : _bالمجمع الثقافى، _c2000. |
||
| 300 |
_a215 صفحة ؛ _c21 سم |
||
| 336 |
_2rdacontent _atext |
||
| 337 |
_2rdamedia _aUnmediated |
||
| 338 |
_2rdacarrier _avolume |
||
| 504 | _aيشتمل على ارجاعات ببليوجرافية وفهارس. | ||
| 541 |
_aد. جابر عصفور ؛ _bالقاهرة ؛ _cإهداء ؛ _d2024. |
||
| 651 | 1 | 7 |
_2qrmak _aالهند _xتاريخ |
| 700 | 1 |
_aالحبشى، عبد الله محمد _eمحقق. |
|
| 905 | _aAya | ||
| 942 |
_2ddc _cBK _e21 _n0 |
||
| 999 |
_c176987 _d176987 |
||